| 000 | 00483nam a22001937a 4500 | ||
|---|---|---|---|
| 003 | OSt | ||
| 005 | 20240626120706.0 | ||
| 008 | 240626b |||||||| |||| 00| 0 eng d | ||
| 020 | _a0415398932 | ||
| 040 | _cMUST | ||
| 082 | _a331.8 BAU 2006 | ||
| 245 | _aConflict and security in the developing world / | ||
| 260 |
_aLondon _bRoutledge _c2006 |
||
| 300 |
_a76p.: _c24 cm. |
||
| 504 | _aIncludes index | ||
| 650 |
_aConflict _95830 |
||
| 650 |
_aWars _918042 |
||
| 942 |
_2ddc _cO_SHELF |
||
| 999 |
_c8916 _d8916 |
||